Ulice w Śródmieściu (Warszawy) - Statystyki

Ogólne statystyki
  • Ten quiz został rozwiązany 705 razy
  • Średni wynik to 57 z 380
Statystyki odpowiedzi
Typ Nazwa % Poprawnych
Aleje Jerozolimskie
83%
ulica Marszałkowska
78%
ulica Nowy Świat
72%
ulica Świętokrzyska
71%
ulica Złota
70%
aleja Jana Pawła II
63%
ulica Krakowskie Przedmieście
60%
ulica Chmielna
58%
ulica Krucza
56%
Aleje Ujazdowskie
55%
ulica Plater
55%
ulica Hoża
52%
ulica Koszykowa
52%
rondo Organizacji Narodów Zjednoczonych
49%
aleja Solidarności
49%
plac Trzech Krzyży
49%
ulica Królewska
46%
ulica Solec
46%
plac Konstytucji
45%
ulica Nowogrodzka
45%
ulica Łazienkowska
44%
ulica Piękna
44%
plac Piłsudskiego
44%
ulica Andersa
43%
ulica Nowowiejska
43%
ulica Tamka
43%
plac Zbawiciela
43%
ulica Mokotowska
42%
ulica Wiejska
42%
ulica Wilcza
42%
ulica Grzybowska
41%
plac Bankowy
40%
ulica Miodowa
40%
rondo Dmowskiego
39%
ulica Foksal
39%
ulica Anielewicza
38%
ulica Długa
38%
aleja Armii Ludowej
37%
aleja Róż
37%
ulica Nowolipki
36%
ulica Poznańska
36%
plac Zamkowy
36%
ulica Karowa
35%
ulica Kopernika
35%
ulica Polna
35%
ulica Stawki
35%
plac Unii Lubelskiej
35%
ulica Belwederska
34%
ulica Bracka
34%
ulica Dobra
34%
ulica Mazowiecka
34%
aleja Niepodległości
34%
ulica Wspólna
34%
ulica Czerniakowska
33%
ulica Konwiktorska
33%
ulica Muranowska
33%
ulica Wybrzeże Gdańskie
33%
ulica Chałubińskiego
32%
ulica Senatorska
32%
ulica Waryńskiego
32%
ulica Książęca
30%
plac Politechniki
30%
ulica Kubusia Puchatka
29%
ulica Nowolipie
29%
ulica Wybrzeże Kościuszkowskie
29%
ulica Jasna
28%
ulica Żurawia
28%
ulica Chopina
27%
plac Defilad
27%
ulica Rozbrat
27%
aleja 3 Maja
26%
plac Na Rozdrożu
26%
ulica Dzika
25%
plac Grzybowski
25%
ulica Podwale
25%
plac Teatralny
25%
ulica Traugutta
25%
rondo Zgrupowania AK Radosław
25%
ulica Agrykola
24%
ulica Lwowska
24%
ulica Ordynacka
24%
ulica Piwna
24%
ulica Zajęcza
24%
rondo De Gaulle'a
23%
ulica Górnośląska
23%
ulica Mariensztat
23%
ulica Miła
23%
aleja Szucha
23%
ulica Twarda
23%
ulica Browarna
22%
ulica Filtrowa
22%
ulica Świętojańska
22%
ulica Świętojerska
22%
ulica Widok
22%
ulica Batorego
21%
ulica Bielańska
21%
rondo Czterdziestolatka
21%
ulica Kozia
21%
plac Krasińskich
21%
ulica Noakowskiego
21%
ulica Nowy Zjazd
21%
Rynek Starego Miasta
21%
ulica Smolna
21%
ulica Bagno
20%
plac Powstańców Warszawy
20%
ulica Sienkiewicza
20%
ulica Bednarska
19%
ulica Bonifraterska
19%
ulica Freta
19%
ulica Grodzka
19%
ulica Inflancka
19%
ulica Krzywe Koło
19%
ulica Pańska
19%
Rynek Nowego Miasta
19%
ulica Sienna
19%
ulica Słomińskiego
19%
ulica Elektoralna
18%
ulica Franciszkańska
18%
ulica Kredytowa
18%
ulica Lipowa
18%
ulica Nalewki
18%
ulica Zgoda
18%
ulica Ludna
17%
ulica Mysia
17%
ulica Nowomiejska
17%
ulica Oboźna
17%
ulica Pawia
17%
ulica Spacerowa
17%
ulica Szpitalna
17%
ulica Warecka
17%
ulica Bagatela
16%
ulica Gagarina
16%
ulica Kruczkowskiego
16%
ulica Myśliwiecka
16%
ulica Sanguszki
16%
ulica Zielna
16%
rondo Jazdy Polskiej
15%
plac Małachowskiego
15%
ulica Moniuszki
15%
ulica Niska
15%
ulica Wiślana
15%
ulica Czackiego
14%
ulica Dubois
14%
ulica Karmelicka
14%
ulica Litewska
14%
ulica Śliska
14%
ulica Szkolna
14%
ulica Topiel
14%
aleja Wyzwolenia
14%
ulica Zamenhofa
14%
ulica Boleść
13%
ulica Dzielna
13%
ulica Mostowa
13%
ulica Pamiętajcie o Ogrodach
13%
ulica Śniadeckich
13%
ulica Stara
13%
ulica Wilanowska
13%
ulica Brzozowa
12%
plac Dąbrowskiego
12%
ulica Kapitulna
12%
ulica Klonowa
12%
ulica Kościelna
12%
ulica Próżna
12%
ulica Szwoleżerów
12%
ulica Wąski Dunaj
12%
ulica Zakroczymska
12%
ulica Frascati
11%
aleja Kaczyńskiego
11%
plac Mirowski
11%
ulica Moliera
11%
ulica Orla
11%
ulica Prusa
11%
ulica Przyrynek
11%
ulica Wierzbowa
11%
ulica Boya-Żeleńskiego
10%
ulica Focha
10%
ulica Jaracza
10%
ulica Jazdów
10%
ulica Rysia
10%
ulica Trębacka
10%
ulica Wioślarska
10%
ulica Ciasna
9%
ulica Cicha
9%
ulica Dowcip
9%
ulica Jezuicka
9%
ulica Kamienne Schodki
9%
ulica Kanonia
9%
ulica Kilińskiego
9%
ulica Leszczyńska
9%
ulica Międzyparkowa
9%
ulica Okólnik
9%
ulica Parkowa
9%
ulica Ptasia
9%
ulica Śniegockiej
9%
ulica Szeroki Dunaj
9%
plac Żelaznej Bramy
9%
ulica Zoli
9%
ulica Bugaj
8%
ulica Canaletta
8%
ulica Czerwonego Krzyża
8%
ulica Dawidowskiego
8%
ulica Drewniana
8%
ulica Fabryczna
8%
ulica Górskiego
8%
ulica Lewartowskiego
8%
ulica Matejki
8%
ulica Niecała
8%
ulica Parkingowa
8%
ulica Sowia
8%
ulica Szara
8%
ulica Zapiecek
8%
ulica Zimna
8%
ulica 29 Listopada
7%
ulica Bohaterów Getta
7%
ulica Fredry
7%
ulica Graniczna
7%
ulica Kłopot
7%
ulica Konopnickiej
7%
ulica Koźla
7%
ulica Natolińska
7%
ulica Okrąg
7%
ulica Oleandrów
7%
ulica Pankiewicza
7%
ulica Piekarska
7%
ulica Przechodnia
7%
aleja Przyjaciół
7%
ulica Radna
7%
ulica Rycerska
7%
ulica Sapieżyńska
7%
ulica Świętej Barbary
7%
ulica Wałowa
7%
ulica Wójtowska
7%
ulica Celna
6%
ulica Dynasy
6%
ulica Dziekania
6%
ulica Kapucyńska
6%
ulica Podchorążych
6%
Rynek Mariensztacki
6%
ulica Tuwima
6%
pasaż Wiecheckiego
6%
ulica Baczyńskiego
5%
ulica Bartoszewicza
5%
ulica Boczna
5%
ulica Boduena
5%
ulica Daniłowiczowska
5%
ulica Dawna
5%
ulica Dragonów
5%
ulica Elektryczna
5%
ulica Flory
5%
bulwar Flotylli Wiślanej
5%
ulica Furmańska
5%
ulica Gałczyńskiego
5%
ulica Gęsta
5%
bulwar Karskiego
5%
ulica Kawalerii
5%
ulica Kręta
5%
ulica Lekarska
5%
ulica Lennona
5%
pasaż Niżyńskiego
5%
ulica Nowiniarska
5%
ulica Ossolińskich
5%
ulica Piesza
5%
ulica Pokorna
5%
ulica Przeskok
5%
ulica Rajców
5%
ulica Schillera
5%
ulica Senacka
5%
ulica Sewerynów
5%
ulica Służewska
5%
ulica Sosnowa
5%
ulica Szczygla
5%
ulica Szymanowska
5%
ulica Tłomackie
5%
ulica Zaruskiego
5%
ulica Białoskórnicza
4%
ulica Hipoteczna
4%
ulica Jaworzyńska
4%
ulica Koźmińska
4%
ulica Mariańska
4%
ulica Rybaki
4%
ulica Sempołowskiej
4%
ulica Tokarzewskiego-Karaszewicza
4%
ulica Wenedów
4%
ulica Wodna
4%
ulica Barokowa
3%
ulica Błońska
3%
ulica Burmistrzowska
3%
ulica Corazziego
3%
ulica Garbarska
3%
ulica Gomulickiego
3%
ulica Hoene-Wrońskiego
3%
ulica Jeziorańskiego
3%
ulica Karasia
3%
ulica Konopczyńskiego
3%
ulica Krzywopoboczna
3%
ulica Lądowa
3%
ulica Nowosielecka
3%
ulica Nowy Przejazd
3%
ulica Nulla
3%
ulica Orłowicza
3%
ulica Profesorska
3%
ulica Przemysłowa
3%
ulica Samborska
3%
rondo Sedlaczka
3%
ulica Skorupki
3%
ulica Smulikowskiego
3%
ulica Suligowskiego
3%
ulica Telakowskiej
3%
ulica Wierzbickiego
3%
ulica Zagórna
3%
ulica Źródłowa
3%
ulica Bacciarellego
2%
zaułek Braci Pakulskich
2%
ulica Burschego
2%
ulica Călinescu
2%
ulica Czerwijowskiego
2%
ulica Dolańskiego
2%
alejka „Ele-Mele”
2%
pasaż Englerta
2%
ulica Fondamińskiego
2%
ulica Grabowskiego
2%
bulwar Grzymały-Siedleckiego
2%
ulica Idźkowskiego
2%
ulica Jezierskiego
2%
rondo Kofty
2%
ulica Krywulta
2%
ulica Kusocińskiego
2%
rondo Maklakiewicza
2%
ulica Maszyńskiego
2%
ulica Miechowska
2%
plac Młynarskiego
2%
aleja Na Skarpie
2%
ulica Potockiego
2%
ulica Przybosia
2%
ulica Rektorska
2%
Rynek Solecki
2%
aleja Sendlerowej
2%
ulica Sulkiewicza
2%
plac Szczepaniaka
2%
pasaż Szyfmana
2%
pasaż Tyrmanda
2%
alejka „Bajka Iskierki”
1%
aleja Balińskiego
1%
dreptak Białoszewskiego
1%
aleja Bobkowskiego
1%
ścieżka Bozowskiego
1%
aleja Brandysa
1%
aleja Czapskiego
1%
ulica Dmochowskiego
1%
aleja Drzewieckiego
1%
alejka „Dwie Dorotki”
1%
ulica Gamerskiego
1%
aleja Harrisona
1%
aleja Herlinga-Grudzińskiego
1%
aleja Hopfera
1%
alejka „Kozucha Kłamczucha”
1%
aleja Lorentza
1%
rondo Mackiewicza
1%
pasaż Niezależnego Zrzeszenia Studentów
1%
aleja Nojiego
1%
aleja Obertyńskiej
1%
plac Osterwy
1%
alejka „Płomyczek”
1%
ulica Podoskich
1%
aleja „Psotki i Śmieszki”
1%
aleja Radiowej Trójki
1%
pasaż Rowickiego
1%
ulica Rychlińskiego
1%
aleja Stanka
1%
ulica Steinkellera
1%
ulica Świętej Teresy
1%
alejka „Szewczyk Dratewka”
1%
alejka „Tajemnicze Butki”
1%
plac Wóycickiej
1%
aleja Zgrupowania AK Kryska
1%
aleja Grydzywskiego
0%
ulica Przystaniowa
0%
ulica Sieroszewskiego
0%
ulica Świętego Franciszka Salezego
0%
aleja Szpitala Ujazdowskiego
0%
Nie znaleziono quizów pasujących do podanych kryteriów
Rozkład punktacji
Procent ludzi z każdym wynikiem
Percentyl według liczby udzielonych odpowiedzi
Twoja historia wyników
Nie rozwiązałeś tego quizu